[Event "AUTO-MASTER-921"]
[Site "http://www.queenalice.com/game.php?id=661580"]
[Date "2009.10.2"]
[Round "1"]
[White "jeantomasia"]
[Black "madeinBr"]
[Result "1-0"]
[WhiteElo "2264"]
[BlackElo "2173"]

1. e4 Nf6 2. e5 Nd5 3. Nc3 Nxc3 4. dxc3 d5 5. Nf3 Nc6 6. Bf4 h6 7. Nd4 Nxd4 8.
Qxd4 Bf5 9. O-O-O e6 10. Bd3 Bxd3 11. Qxd3 Qd7 12. Kb1 1-0

[Event "AUTO-MASTER-921"]
[Site "http://www.queenalice.com/game.php?id=661593"]
[Date "2009.10.2"]
[Round "1"]
[White "Flashinho"]
[Black "jeantomasia"]
[Result "0-1"]
[WhiteElo "2025"]
[BlackElo "2255"]

1. d4 Nf6 2. c4 e6 3. Nc3 Bb4 4. Bg5 h6 5. Bh4 c5 6. Nf3 Qa5 7. Qc2 Ne4 8. Rc1
f5 9. e3 g5 10. Bg3 Qxa2 11. Bd3 cxd4 12. Bxb8 dxc3 13. b3 Qxc2 14. Bxc2 Rxb8
15. O-O Nd2 16. Nxd2 cxd2 17. Bd1 dxc1=Q 18. Bh5+ Ke7 0-1

[Event "AUTO-MASTER-921"]
[Site "http://www.queenalice.com/game.php?id=661594"]
[Date "2009.10.2"]
[Round "1"]
[White "jeantomasia"]
[Black "Flashinho"]
[Result "1-0"]
[WhiteElo "2258"]
[BlackElo "1942"]

1. e4 e5 2. Nf3 Nc6 3. Bb5 a6 4. Bxc6 dxc6 5. O-O Bd6 6. d4 Bg4 7. dxe5 Bxf3 8.
Qxf3 Bxe5 9. Nd2 Nf6 10. Qf5 Qe7 11. Nc4 Nd7 12. Rd1 Bd6 13. Be3 O-O 14. Bf4
Bxf4 15. Rxd7 Qg5 16. Qxg5 Bxg5 17. Rxc7 Rab8 18. Rd1 Rfd8 19. Rcd7 Be7 20. g3
Kf8 21. Kg2 b5 22. Ne5 Rbc8 23. Rxd8+ Bxd8 24. Rd6 g6 25. Rxc6 Ra8 26. Nd7+ Kg7
27. Nc5 a5 28. Nb7 Bf6 29. c3 b4 30. f4 bxc3 31. e5 Bxe5 32. fxe5 Rb8 33. Rxc3
Rxb7 34. Rc2 Rb5 35. Re2 Kf8 36. Kf3 Ke7 37. Ke4 Ke6 38. Kd4 Rd5+ 39. Kc4 g5 40.
a4 g4 41. b4 axb4 42. Kxb4 h5 43. a5 f6 44. exf6+ Kxf6 45. a6 Kg5 46. a7 Rd8 47.
Kb5 h4 48. Ra2 1-0

[Event "AUTO-MASTER-921"]
[Site "http://www.queenalice.com/game.php?id=661601"]
[Date "2009.10.2"]
[Round "1"]
[White "Bf7"]
[Black "jeantomasia"]
[Result "1-0"]
[WhiteElo "2205"]
[BlackElo "2272"]

1. d4 Nf6 2. c4 e6 3. g3 Nc6 4. Nf3 d5 5. Bg2 dxc4 6. O-O Ne4 7. Qa4 Nd6 8. Ne5
Bd7 9. Nxc6 Qf6 10. Nc3 g5 11. Nb5 Nxb5 12. Qxb5 bxc6 13. Bxc6 Rd8 14. Bxg5 a6
15. Bxd7+ 1-0

[Event "AUTO-MASTER-921"]
[Site "http://www.queenalice.com/game.php?id=661602"]
[Date "2009.10.2"]
[Round "1"]
[White "jeantomasia"]
[Black "Bf7"]
[Result "1-0"]
[WhiteElo "2268"]
[BlackElo "2239"]

1. e4 d5 2. exd5 Qxd5 3. Nc3 Qd6 4. Bc4 Nf6 5. Nf3 c6 6. O-O Bf5 7. d4 Nbd7 8.
Bg5 e6 9. a4 h6 10. Bh4 Qb4 11. Bb3 Bd6 12. a5 Bc7 13. Ra4 Qe7 14. Re1 O-O 15.
Qd2 Rfd8 16. Qe3 Qf8 17. Bg3 Bxg3 18. hxg3 Nd5 19. Nxd5 cxd5 20. Qf4 g5 21. Qc7
Rac8 22. Qxb7 Bxc2 23. Bxc2 Rxc2 24. Raa1 Nf6 25. Rec1 Rb8 26. Qxa7 Ra8 27. Qb6
Rb8 28. Rxc2 Rxb6 29. axb6 Qb4 30. Rc7 Qxb6 31. Ra8+ Kg7 32. Raa7 Kg6 33. Rab7
1-0

[Event "AUTO-MASTER-703"]
[Site "http://www.queenalice.com/game.php?id=702461"]
[Date "2009.12.23"]
[Round "3"]
[White "jeantomasia"]
[Black "Ribar"]
[Result "1-0"]
[WhiteElo "2242"]
[BlackElo "2076"]

1. e4 c5 2. Nf3 a6 3. Nc3 e6 4. d4 cxd4 5. Nxd4 Qc7 6. Qf3 Nc6 7. Nxc6 bxc6 8.
Bf4 Bd6 9. Bxd6 Qxd6 10. Qg4 Kf8 11. Qg5 Ne7 12. Qa5 g6 13. Rd1 Qb8 14. Qd8+ Kg7
15. Qxe7 Qxb2 16. Kd2 d5 17. Rb1 Qa3 18. Qxa3 1-0

[Event "AUTO-MASTER-703"]
[Site "http://www.queenalice.com/game.php?id=702462"]
[Date "2009.12.23"]
[Round "3"]
[White "Ribar"]
[Black "jeantomasia"]
[Result "0-1"]
[WhiteElo "2078"]
[BlackElo "2249"]

1. c4 Nf6 2. Nc3 g6 3. Nf3 Bg7 4. g3 Nc6 5. Bg2 d5 6. cxd5 Nxd5 7. O-O O-O 8.
Qb3 Nb6 9. d3 Be6 10. Qd1 Nd5 11. Bd2 Qd7 12. Ng5 Rad8 13. Nxe6 fxe6 14. Qb3 Nd4
15. Qd1 c5 16. Rc1 b6 17. Ne4 Nf5 18. Bc3 Bh6 19. Bd2 Bxd2 20. Qxd2 Nd4 21. Rfd1
Nb4 22. a3 Nb3 23. Qh6 Nd5 24. Ng5 Nf6 25. Rc4 Nd4 26. e4 e5 27. Bh3 Qd6 28.
Rxd4 Qxd4 29. Ne6 Qxf2+ 30. Kh1 Qf3+ 31. Kg1 Qxd1+ 32. Kg2 Nh5 33. Nxf8 Qc2+ 34.
Kg1 Qb1+ 0-1

[Event "AUTO-MASTER-904"]
[Site "http://www.queenalice.com/game.php?id=703957"]
[Date "2009.12.26"]
[Round "2"]
[White "Bf7"]
[Black "jeantomasia"]
[Result "0-1"]
[WhiteElo "2238"]
[BlackElo "2230"]

1. d4 Nf6 2. c4 e6 3. g3 d5 4. Bg2 dxc4 5. Nf3 c5 6. O-O Nc6 7. Ne5 Bd7 8. Na3
cxd4 9. Naxc4 Rc8 10. Bf4 Be7 11. Qb3 Nd5 12. Qxb7 Nxf4 13. gxf4 Nxe5 14. Nxe5
Rc7 15. Qe4 Bb5 16. a4 Ba6 17. Rfd1 Bc5 18. b4 Bb7 19. Qd3 Bxg2 20. Kxg2 Qa8+
21. Kg1 f6 22. Nf3 Be7 0-1

[Event "AUTO-MASTER-904"]
[Site "http://www.queenalice.com/game.php?id=703958"]
[Date "2009.12.26"]
[Round "2"]
[White "jeantomasia"]
[Black "Bf7"]
[Result "1-0"]
[WhiteElo "2178"]
[BlackElo "2271"]

1. e4 d5 2. exd5 Qxd5 3. Nc3 Qd6 4. Nf3 Nf6 5. Bc4 c6 6. O-O Bg4 7. d4 Bxf3 8.
Qxf3 Qxd4 9. Qe2 Nbd7 10. Be3 Qe5 11. f4 Qh5 12. Qxh5 Nxh5 13. Rad1 Nhf6 14. h3
e6 15. f5 e5 16. Rfe1 Bb4 17. g4 h6 18. Kg2 Bxc3 19. bxc3 O-O 20. Bb3 Rfe8 21.
a4 e4 22. Kg3 1-0

[Event "AUTO-MASTER-904"]
[Site "http://www.queenalice.com/game.php?id=703960"]
[Date "2009.12.26"]
[Round "2"]
[White "jeantomasia"]
[Black "Kuarwaki"]
[Result "1/2-1/2"]
[WhiteElo "2242"]
[BlackElo "2376"]

1. e4 c5 2. Nf3 Nc6 3. Nc3 e5 4. Bc4 Be7 5. d3 d6 6. O-O Nf6 7. h3 O-O 8. Be3
Be6 9. Nd5 Bxd5 10. Bxd5 Nxd5 11. exd5 Nd4 12. Nd2 Nf5 13. a4 Nxe3 14. fxe3 f5
15. e4 f4 16. Nc4 Rf6 17. c3 Rg6 18. Qb3 Qd7 19. Rf3 Bf6 20. Qb5 Qc7 21. b4 cxb4
22. Qxb4 Bh4 23. a5 Rc8 24. Rb1 Rb8 25. Kh1 Qe7 26. Qb5 Qg5 27. Rg1 Qe7 28. Rb1
Qc7 29. d4 Rc8 30. Nd2 Rb8 31. dxe5 dxe5 32. Qc4 Qd8 33. Qc5 Be7 34. Qb5 a6 35.
Qb3 Bc5 36. Nc4 Qg5 37. Rb2 Qh4 38. Re2 Qe7 1/2-1/2

[Event "AUTO-MASTER-921"]
[Site "http://www.queenalice.com/game.php?id=724739"]
[Date "2010.2.2"]
[Round "2"]
[White "Bf7"]
[Black "jeantomasia"]
[Result "0-1"]
[WhiteElo "2242"]
[BlackElo "2207"]

1. d4 Nf6 2. c4 e6 3. g3 d5 4. Nf3 dxc4 5. Bg2 c5 6. O-O Nc6 7. Ne5 Bd7 8. e3
Nxe5 9. dxe5 Nd5 10. Bxd5 exd5 0-1

[Event "AUTO-MASTER-921"]
[Site "http://www.queenalice.com/game.php?id=724740"]
[Date "2010.2.2"]
[Round "2"]
[White "jeantomasia"]
[Black "Sherlock6834"]
[Result "1-0"]
[WhiteElo "2168"]
[BlackElo "2085"]

1. e4 c6 2. d4 d5 3. Nc3 e6 4. Nf3 Bb4 5. e5 f6 6. Bd3 fxe5 7. Nxe5 Nf6 8. Bg5
O-O 9. O-O Qb6 10. Bxf6 Rxf6 11. Na4 Qa5 12. c3 Bd6 13. Ng4 Rf7 14. b4 Qc7 15.
Qc2 e5 16. Bxh7+ Kh8 17. dxe5 Bxe5 18. Nxe5 Qxe5 19. Rae1 Qf6 20. Re8+ Rf8 21.
Rfe1 Na6 22. R1e5 Bd7 23. R8e7 Rad8 24. Bg6 b5 25. Rh5+ Kg8 26. Bh7+ Kh8 27.
Bg8+ 1-0

[Event "AUTO-MASTER-921"]
[Site "http://www.queenalice.com/game.php?id=724741"]
[Date "2010.2.2"]
[Round "2"]
[White "Sherlock6834"]
[Black "jeantomasia"]
[Result "1-0"]
[WhiteElo "2106"]
[BlackElo "2265"]

1. c4 Nf6 2. Nc3 c5 3. Nf3 Nc6 4. g3 d5 5. cxd5 Nxd5 6. Bg2 Nxc3 7. bxc3 e5 8.
Qc2 Be7 9. O-O O-O 10. d3 Be6 11. Rb1 Rb8 12. Ba3 Qa5 13. Qb2 b5 14. Nd2 Rfc8
15. Bxc6 Rxc6 16. c4 b4 17. Qxe5 Bd6 18. Qe4 Rcc8 19. Bb2 Qxa2 20. Nf3 h6 21.
Nh4 Re8 22. Qc6 Rbd8 23. Qf3 a5 24. Nf5 Bxf5 25. Qxf5 Rxe2 26. Bxg7 Kxg7 27. Ra1
Qb2 28. Rxa5 Qd4 29. Ra7 Be7 30. Kh1 Qxd3 31. Qg4+ Kf8 32. Qh5 Qxc4 33. Qxh6+
Kg8 34. Rxe7 Rxe7 35. Qg5+ Kf8 36. Qh6+ Ke8 37. Qh8+ Kd7 38. Rd1+ Kc6 39. Qxd8
Qe6 40. Qa8+ Kb5 41. Qb8+ Kc4 42. Rc1+ Kd4 43. Kg1 b3 44. Qd8+ Rd7 45. Rd1+ Kc3
46. Rxd7 Qe1+ 47. Kg2 Qe4+ 48. f3 Qe2+ 49. Kh3 Qxf3 50. Qa5+ Kc4 51. Qa6+ Kc3
52. Qa1+ Kc2 53. Re7 Qf5+ 54. Kg2 Qd3 55. Qe1 Qd5+ 56. Kg1 b2 57. Re2+ Kb3 58.
Qb1 Qd4+ 59. Kg2 c4 60. Qc2+ Ka3 61. Re4 Qd3 62. Rxc4 Qxc2+ 63. Rxc2 b1=Q 64.
Rf2 f5 65. h4 Kb4 66. Rf4+ Kc5 67. h5 Kd6 68. h6 Ke6 69. h7 1-0

[Event "AUTO-MASTER-902"]
[Site "http://www.queenalice.com/game.php?id=732704"]
[Date "2010.2.16"]
[Round "2"]
[White "Pokerchess"]
[Black "jeantomasia"]
[Result "0-1"]
[WhiteElo "2204"]
[BlackElo "2249"]

1. e4 e5 2. Nf3 Nc6 3. Bb5 Bc5 4. c3 Nf6 5. O-O O-O 6. d4 Bb6 7. dxe5 Nxe4 8.
Nbd2 d5 9. exd6 Nxd6 10. a4 Nxb5 11. axb5 Ne7 12. Qa4 Bd7 13. Kh1 a6 14. Qd1
Bxb5 15. c4 Bc6 0-1

[Event "AUTO-MASTER-902"]
[Site "http://www.queenalice.com/game.php?id=732705"]
[Date "2010.2.16"]
[Round "2"]
[White "jeantomasia"]
[Black "Pokerchess"]
[Result "1-0"]
[WhiteElo "2260"]
[BlackElo "2193"]

1. e4 c5 2. Nf3 Nc6 3. Nc3 d6 4. Bc4 g6 5. d4 cxd4 6. Nxd4 Bg7 7. Be3 Nf6 8. f3
O-O 9. Qd2 Ne5 10. Bb3 Nc6 11. O-O-O a6 12. Nxc6 bxc6 13. e5 Ne8 14. exd6 Nxd6
15. Ne4 1-0

[Event "AUTO-MASTER-862"]
[Site "http://www.queenalice.com/game.php?id=734724"]
[Date "2010.2.19"]
[Round "2"]
[White "jeantomasia"]
[Black "an2lec"]
[Result "0-1"]
[WhiteElo "2248"]
[BlackElo "2532"]

1. e4 c5 2. Nf3 d6 3. Nc3 Nf6 4. d4 cxd4 5. Nxd4 a6 6. Bc4 e6 7. O-O b5 8. Bb3
Be7 9. Qf3 Qb6 10. Be3 Qb7 11. Qg3 O-O 12. Bh6 Ne8 13. Nd5 Bd8 14. a4 Bd7 15.
axb5 axb5 16. Nb4 Rxa1 17. Rxa1 Qxe4 18. Be3 Bh4 19. Qf3 Qxf3 20. Nxf3 Be7 21.
Ra7 Nf6 22. h3 d5 23. Nd3 Nc6 24. Ra6 Rc8 25. Nfe5 Nxe5 26. Nxe5 Be8 27. f3 Kf8
28. Kf2 h5 0-1

[Event "AUTO-MASTER-862"]
[Site "http://www.queenalice.com/game.php?id=734725"]
[Date "2010.2.19"]
[Round "2"]
[White "an2lec"]
[Black "jeantomasia"]
[Result "1-0"]
[WhiteElo "2488"]
[BlackElo "2270"]

1. e4 e5 2. Nf3 Nc6 3. Bb5 Bc5 4. c3 Nf6 5. O-O O-O 6. d4 Bb6 7. Bg5 exd4 8. e5
h6 9. Bxf6 gxf6 10. cxd4 fxe5 11. dxe5 Qe7 12. Re1 Bxf2+ 13. Kxf2 Qc5+ 14. Re3
Qxb5 15. Nc3 Qxb2+ 16. Nd2 f5 17. Rb1 Qa3 18. Qh5 Kh7 19. Rh3 1-0

[Event "AUTO-MASTER-862"]
[Site "http://www.queenalice.com/game.php?id=734726"]
[Date "2010.2.19"]
[Round "2"]
[White "jeantomasia"]
[Black "arauca"]
[Result "1-0"]
[WhiteElo "2220"]
[BlackElo "2141"]

1. e4 d5 2. exd5 Nf6 3. Bb5+ Bd7 4. Bc4 Bg4 5. f3 Bc8 6. Nc3 Nbd7 7. Nge2 Nb6 8.
d3 Nbxd5 9. O-O e6 10. Ne4 Be7 11. Qe1 O-O 12. Qg3 Re8 13. d4 a6 14. Bd2 b5 15.
Bd3 Bb7 16. Rac1 Nb6 17. b3 Rc8 18. Nc5 Bc6 19. Bh6 g6 20. Nxe6 Qd6 21. Nc5 a5
22. Qf2 b4 23. c4 bxc3 24. Nxc3 Rcd8 25. Nb5 Bxb5 26. Bxb5 Qxd4 27. Qxd4 Rxd4
28. Bxe8 Nxe8 29. Rce1 Nd5 30. Rxe7 1-0

[Event "AUTO-MASTER-862"]
[Site "http://www.queenalice.com/game.php?id=734727"]
[Date "2010.2.19"]
[Round "2"]
[White "arauca"]
[Black "jeantomasia"]
[Result "0-1"]
[WhiteElo "2153"]
[BlackElo "2156"]

1. e4 e5 2. Nf3 Nc6 3. d4 exd4 4. Nxd4 Nf6 5. Nxc6 bxc6 6. e5 Qe7 7. Qe2 Nd5 8.
c4 Qb4+ 9. Nd2 Nf4 10. Qe3 Ng6 11. a3 Qa5 12. f4 Bc5 13. Qg3 O-O 14. Rb1 Be7 15.
b4 Qa4 16. Qb3 Qxb3 17. Nxb3 d5 18. Be3 f6 19. Nd4 fxe5 20. Nxc6 Bh4+ 21. g3
exf4 22. Bf2 Bf5 23. Rd1 fxg3 24. hxg3 Rae8+ 25. Kd2 Bg5+ 26. Kc3 Bd7 27. cxd5
Rxf2 0-1